000 00398nam a2200169Ia 4500
999 _c126574
_d126574
003 0100
005 20170731123532.0
008 130303s9999 xx 000 0 und d
040 _cARRUPELIB
050 _aB821.M47
100 _aMercier, Louis J. A
_933958
245 _aAmerican humanism and the new age
260 _bBruce Publishing Company
_aMilwaukee
_c1948
300 _a227p.
300 _b 22cm.
650 _aAmerican humanism
_933959
942 _2lcc
_cMONOGRAPH